Sims 2 Families - Strangetown - Statistics

General Stats
  • This quiz has been taken 29 times
  • The average score is 10 of 16
Answer Stats
Answer % Correct
Olive
96%
Nervous
92%
Ophelia
75%
Pollination Tech
63%
Vidcund
63%
General Buzz
58%
Jenny
58%
Pascal
58%
Circe
54%
Johnny
54%
Lazlo
54%
Tank
54%
Jill
50%
Loki
46%
Ripp
46%
Buck
33%
No matching quizzes found
Score Distribution
Percent of People with Each Score
Percentile by Number Answered
Your Score History
You have not taken this quiz